Partial differential equations (Record no. 755132)

MARC details
000 -LEADER
fixed length control field 00440nam a2200169 4500
020 ## - INTERNATIONAL STANDARD BOOK NUMBER
ISBN 9789395161404
082 ## - DEWEY DECIMAL CLASSIFICATION NUMBER
Classification number 515.353
Item number PHO.P
084 ## - OTHER CLASSIFICATION NUMBER
Source of Number Colon Classification
100 ## - MAIN ENTRY--AUTHOR NAME
Personal name Phoolan Prasad
245 ## - TITLE STATEMENT
Title Partial differential equations
250 ## - EDITION STATEMENT
Edition statement 3rd ed.
260 ## - PUBLICATION, DISTRIBUTION, ETC. (IMPRINT)
Place of publication NewDelhi:
Name of publisher New Age International,
Year of publication 2025.
300 ## - PHYSICAL DESCRIPTION
Number of Pages 236p.
700 ## - ADDED ENTRY--PERSONAL NAME
Personal name Renuka Ravindran
942 ## - ADDED ENTRY ELEMENTS (KOHA)
Source of classification or shelving scheme Dewey Decimal Classification
Koha item type Gift
Holdings
Withdrawn status Lost status Source of classification or shelving scheme Damaged status Not for loan Home Library Current Location Shelving location Date acquired Full call number Accession Number Price effective from Koha item type
    Dewey Decimal Classification     Campus Library Kariavattom Campus Library Kariavattom General Stacks 16/01/2026 515.353 PHO.P UCLG1062 16/01/2026 Gift